| 000 | 01267cam a22002413a 4500 | ||
|---|---|---|---|
| 001 | 33182 | ||
| 003 | PGUSA | ||
| 005 | 20140828083722.0 | ||
| 008 | 100716s2010||||xxu|||||s|||||000 | eng d | ||
| 040 |
_aPGUSA _beng |
||
| 042 | _adc | ||
| 050 | 4 | _aPQ | |
| 100 | 1 |
_aPimentel, Alberto, _d1849-1925 |
|
| 245 | 1 | 0 |
_aEntre o caffé e o cognac _h[electronic resource] / _cAlberto Pimentel |
| 260 |
_bProject Gutenberg, _c2010 |
||
| 505 | 0 | _aAdvertencia -- O Gabinete de Camillo -- O Primeiro de Janeiro -- A Aguia d'Ouro -- Physiologia do Theatro de S. João -- Physiologia do Theatro Baquet -- Telhudos historicos -- Os Domingos -- As Italianas -- Emilio Castelar -- Animaes e vegetaes -- Á Academia de Coimbra -- Os annuncios -- A industria das ruas -- A Giganta (carta a Julio Cesar Machado) -- O Album do Gymnasio -- Esboço de comedia -- As colheitas -- S. Bartholomeu -- O Natal -- Os Bohemios -- O Relogio... -- Ás sete horas da manhã -- Á mesa do chá -- S. João -- Judas no plural -- Historia velha -- Thiers -- A Hespanha. | |
| 506 | _aPublic domain in the USA. | ||
| 516 | _aElectronic text | ||
| 653 | _aPortuguese literature -- 19th century | ||
| 830 | 0 |
_aProject Gutenberg _v33182 |
|
| 856 | 4 | 0 | _uhttp://www.gutenberg.org/ebooks/33182 |
| 942 | _cEB | ||
| 999 |
_c262437 _d262437 |
||